000 00877cam a22003133a 4500
001 141
003 PGUSA
005 20230525152656.0
008 940601s1994||||xxu|||||s|||||000 1 eng d
040 _aPGUSA
_beng
042 _adc
050 4 _aPR
100 1 _aAusten, Jane,
_d 1775-1817
245 1 0 _aMansfield Park
_h [electronic resource] /
_cJane Austen
260 _bProject Gutenberg,
_c1994
506 _aPublic domain in the USA.
516 _aText
653 _aAdoptees -- Fiction
653 _aCousins -- Fiction
653 _aChildren of the rich -- Fiction
653 _aUncles -- Fiction
653 _aDomestic fiction
653 _aLove stories
653 _aCountry homes -- Fiction
653 _aEngland -- Fiction
653 _aYoung women -- Fiction
830 0 _aProject Gutenberg
_v 141
856 4 0 _uhttp://www.gutenberg.org/ebooks/141
999 _c13516
_d13516